Wildlife Field Research and Concervation Training Manual; (Record no. 3684)

MARC details
000 -LEADER
fixed length control field 00537nam a22001937a 4500
003 - CONTROL NUMBER IDENTIFIER
control field OSt
005 - DATE AND TIME OF LATEST TRANSACTION
control field 20160421142856.0
008 - FIXED-LENGTH DATA ELEMENTS--GENERAL INFORMATION
fixed length control field 160421b xxu||||| |||| 00| 0 eng d
020 ## - INTERNATIONAL STANDARD BOOK NUMBER
International Standard Book Number 0964278707.
040 ## - CATALOGING SOURCE
Transcribing agency DDC.
082 ## - DEWEY DECIMAL CLASSIFICATION NUMBER
Classification number 33.95RAB 1997.
100 ## - MAIN ENTRY--PERSONAL NAME
Personal name Rabinowitz,Alan;
9 (RLIN) 8177
245 ## - TITLE STATEMENT
Title Wildlife Field Research and Concervation Training Manual;
260 ## - PUBLICATION, DISTRIBUTION, ETC. (IMPRINT)
Place of publication, distribution, etc. New York.
Name of publisher, distributor, etc. Wildlife Conservation Society.
Date of publication, distribution, etc. 1997.
300 ## - PHYSICAL DESCRIPTION
Extent 281p;
Other physical details ill;
Dimensions 26cm.
504 ## - BIBLIOGRAPHY, ETC. NOTE
Bibliography, etc Includes Appendix.
650 ## - SUBJECT ADDED ENTRY--TOPICAL TERM
Topical term or geographic name as entry element Zoology.
9 (RLIN) 8070
942 ## - ADDED ENTRY ELEMENTS (KOHA)
Source of classification or shelving scheme Dewey Decimal Classification
Koha item type Short Loan
Holdings
Withdrawn status Lost status Source of classification or shelving scheme Damaged status Not for loan Home library Current library Date acquired Source of acquisition Inventory number Total Checkouts Full call number Barcode Date last seen Price effective from Koha item type
    Dewey Decimal Classification     MUST Main Library MUST Main Library 21/04/2016   02/17493   33.95RAB 1997. 2016-1131. 21/04/2016 21/04/2016 Short Loan